| 000 | 01230na a2200337 4500 | ||
|---|---|---|---|
| 001 | 18338 | ||
| 003 | MIRAKIL | ||
| 005 | 20181213155147.0 | ||
| 008 | 170126b tu 000 0 | ||
| 035 | _a18338 | ||
| 040 |
_aMilas _btur _cTR-AnCHP |
||
| 041 | _atur | ||
| 082 |
_aCHP 305.4 _bB29k 1996 |
||
| 090 | _aCHP 305.4 B29k 1996 | ||
| 100 |
_aBaykal, Deniz _cCHP Genel Başkanı |
||
| 222 | _aKadın kurultayı konuşması | ||
| 245 |
_aCHP Genel Başkanı Deniz Baykal'ın Kadın Kurultayı konuşması _b22 Aralık 1996 _c[Deniz Baykal] |
||
| 246 | _aCHP kadın kurultayı | ||
| 260 |
_aAnkara _bCHP _c1996 |
||
| 300 |
_a46 s. _c20 sm. |
||
| 490 | _aCumhuriyet Halk Partisi yayınları | ||
| 500 | _aYapı adı başında : CHP: Modern Türkiye'de değişimin gücü | ||
| 600 |
_aBaykal, Deniz _cCHP Genel Başkanı _xKonuşmalar, 1996 _yKurultay, Kadın |
||
| 610 |
_aCHP _xKadın sorunu _yÇözüm önerileri |
||
| 610 |
_aCumhuriyet Halk Partisi (CHP) _bKadın Kolları _xKurultaylar, 1996 |
||
| 650 |
_aKadınlar _xSiyasal etkinlik _zTürkiye |
||
| 711 |
_aCHP Kadın Kolları Kurultayı _cAnkara _d22 Aralık 1996 |
||
| 740 | _aCHP Kadın Kolları Kurultayı | ||
| 830 | _aCHP yayınları | ||
| 942 |
_2dcc _cBKS |
||
| 999 |
_c7729 _d7729 |
||